| 000 | 01008nam a2200229Ia 4500 | ||
|---|---|---|---|
| 001 | 13255 | ||
| 003 | GE_BSU | ||
| 008 | 181216s||||||||xx |||||||||||||| ||und|| | ||
| 040 | _cGE_BSU | ||
| 080 | _a57+581.3 | ||
| 245 | _aБиология оплодотворения и гетерозискультурных растении. | ||
| 245 | _bО роли процессов неполного распада живого в размножении растении и основных проявлениях жизнедеятельности организмов | ||
| 245 | _cНауч.ред.А.Е.Коварский. Ред.Л.Иорданова | ||
| 260 | _aКишинев | ||
| 260 | _bКартя молдовеняска | ||
| 260 | _c1965 | ||
| 300 | _a272стр.илл.30см. | ||
| 300 | _cБиблиогр.с.243-245 | ||
| 653 | _aБиология оплодотворения и гетерозискультурных растении | ||
| 653 | _aბიოლოგია | ||
| 942 | _cBK | ||
| 999 |
_c46419 _d46419 |
||